The beader’s colour mixing directory : 200 colour schemes for beautiful beadwork. / (Record no. 1694)
[ view plain ]
| 000 -LEADER | |
|---|---|
| fixed length control field | 00629nam a2200217 4500 |
| 003 - CONTROL NUMBER IDENTIFIER | |
| control field | OSt |
| 005 - DATE AND TIME OF LATEST TRANSACTION | |
| control field | 20240701032416.0 |
| 008 - FIXED-LENGTH DATA ELEMENTS--GENERAL INFORMATION | |
| fixed length control field | 240701b |||||||| |||| 00| 0 eng d |
| 020 ## - INTERNATIONAL STANDARD BOOK NUMBER | |
| International Standard Book Number | 184482154 |
| 040 ## - CATALOGING SOURCE | |
| Original cataloging agency | DWCL-Main lib. |
| Transcribing agency | OC |
| 082 ## - DEWEY DECIMAL CLASSIFICATION NUMBER | |
| Item number | Circ. 745.582 W194b 2007 |
| 006 - FIXED-LENGTH DATA ELEMENTS--ADDITIONAL MATERIAL CHARACTERISTICS | |
| fixed length control field | a |
| 100 ## - MAIN ENTRY--PERSONAL NAME | |
| Personal name | Wallace, Sandra |
| 245 ## - TITLE STATEMENT | |
| Title | The beader’s colour mixing directory : 200 colour schemes for beautiful beadwork. / |
| 260 ## - PUBLICATION, DISTRIBUTION, ETC. | |
| Place of publication, distribution, etc. | UK : |
| Name of publisher, distributor, etc. | Search Press, Ltd. , |
| Date of publication, distribution, etc. | c2007. |
| 300 ## - PHYSICAL DESCRIPTION | |
| Other physical details | 128 p. : col. ill. ; |
| Dimensions | 23 cm. |
| 504 ## - BIBLIOGRAPHY, ETC. NOTE | |
| Bibliography, etc. note | Includes index.<br/> |
| 650 ## - SUBJECT ADDED ENTRY--TOPICAL TERM | |
| Topical term or geographic name entry element | 1. Beads. |
| 650 ## - SUBJECT ADDED ENTRY--TOPICAL TERM | |
| Topical term or geographic name entry element | 2. Jewelry. |
| 942 ## - ADDED ENTRY ELEMENTS (KOHA) | |
| Source of classification or shelving scheme | Dewey Decimal Classification |
| Suppress in OPAC | No |
| Koha item type | Book Circulation |
| Call number prefix | Circ. |